Surface modification of magnesium and its alloys for boimedical applications: volume1: Biological interactions, mechanical properties and testing (Record no. 59143)

MARC details
000 -LEADER
fixed length control field 00903nam a2200205 a 4500
008 - FIXED-LENGTH DATA ELEMENTS--GENERAL INFORMATION
fixed length control field 160511s2015 ||||||||||||||||| || u
020 ## - INTERNATIONAL STANDARD BOOK NUMBER
International Standard Book Number 9781782420774
050 ## - LIBRARY OF CONGRESS CALL NUMBER
Classification number QP 535.M4 Sur
100 ## - MAIN ENTRY--PERSONAL NAME
Personal name Narayanan, T.S.N. Sankara
245 10 - TITLE STATEMENT
Title Surface modification of magnesium and its alloys for boimedical applications: volume1: Biological interactions, mechanical properties and testing
Statement of responsibility, etc. Edited by T.S.N. Sankara Narayanan, II-Song Park and Min-Ho Lee
260 ## - PUBLICATION, DISTRIBUTION, ETC.
Place of publication, distribution, etc. waltham
Name of publisher, distributor, etc. Woodhead Publishing
Date of publication, distribution, etc. 2015
300 ## - PHYSICAL DESCRIPTION
Extent xv, 363p.: ill.
350 ## - PRICE (NR) (BK AM CF MU VM SE) [OBSOLETE]
Price 235.00
490 ## - SERIES STATEMENT
Series statement Woodhead publishing series in biomaterials
650 ## - SUBJECT ADDED ENTRY--TOPICAL TERM
Topical term or geographic name entry element BONE REGENERATION
650 #0 - SUBJECT ADDED ENTRY--TOPICAL TERM
Topical term or geographic name entry element BIOMEDICAL MATERIALS
650 ## - SUBJECT ADDED ENTRY--TOPICAL TERM
Topical term or geographic name entry element MAGNESIUM
650 ## - SUBJECT ADDED ENTRY--TOPICAL TERM
Topical term or geographic name entry element MATERIAL TESTING
995 ## - RECOMMENDATION 995 [LOCAL, UNIMARC FRANCE]
-- CBU-MAIN LIBRARY (Kitwe)
-- 235.00
-- 1
-- AVAILABLE
-- May 13, 2016
-- Main Library Open Access Collection
Holdings
Withdrawn status Lost status Source of classification or shelving scheme Damaged status Not for loan Home library Current library Shelving location Date acquired Total Checkouts Full call number Barcode Date last seen Price effective from Koha item type
          CBU-MAIN LIBRARY, KITWE. CBU-MAIN LIBRARY, KITWE.   11/30/2022   QP 535.M4 Sur 745688 11/30/2022 11/30/2022 MONOGRAPH